=LDR 00000nam 2200000 4500 =001 INLIS000000000017483 =005 20221026080337 =035 ##$$a 0010-061300000017483 =008 221026################g##########0#ind## =041 ##$$a Ind =082 ##$$a R.611 =090 ##$$a R.611, Lut a =100 ##$$a Lutjen Drecoll, Elka =245 1#$$a Atlas foto anatomi : $b Struktur dan fungsi tubuh manusia /$c Elka Lutjen-Drecoll, Johanes W. Rohen ; alih bahasa, dr. Liliana Sugiharto, MS, PAK, dr. Marcel Prasetyo ; editor, Monika Ester, SKp. =260 ##$$a Jakarta :$b EGC,$c 2001 =300 ##$$a 160 hlm. : $b ilus. ; $c 28 x 22 cm. =650 #4$$a Anatomi manusia =850 ##$$a NBPNMAT =020 ##$$a 979-448-549-7 =084 ##$$a R.611 LUT a =250 ##$$a edisi 2 =700 #$$a Johanes W. Rohen =700 #$$a Liliana Sugiharto =700 #$$a Marcel Prasetyo =700 #$$a Monika Ester =990 ##$$a 206005664 =990 ##$$a 206005665 =990 ##$$a 206005666 =990 ##$$a 206005667 =990 ##$$a 20600564 =990 ##$$a 206005665 =990 ##$$a 206005666 =990 ##$$a 206005667 =990 ##$$a 20600565 =990 ##$$a 20600564 =990 ##$$a 206005666 =990 ##$$a 206005667